书目信息 |
| 题名: |
恐怖王子
|
|
| 作者: | 凯斯 著 ;欧凌 , 朱佳文 译 | |
| 分册: | ||
| 出版信息: | 重庆 重庆出版社 2010.04 |
|
| 页数: | 460页 | |
| 开本: | 22cm | |
| 丛书名: | 荆棘与白骨的王国系列 | |
| 单 册: | ||
| 中图分类: | I712.45 | |
| 科图分类: | ||
| 主题词: | 科学幻想小说--ke xue huan xiang xiao shuo--美国--现代 | |
| 电子资源: | ||
| ISBN: | 978-7-229-01840-5 | |
| 000 | 01010nam 2200277 450 | |
| 001 | 012010508026 | |
| 005 | 20100604092055.59 | |
| 010 | @a978-7-229-01840-5@dCNY48.00 | |
| 100 | @a20100604d2010 em y0chiy0120 ea | |
| 101 | 1 | @achi@ceng |
| 102 | @aCN@b500000 | |
| 105 | @aa z 000ay | |
| 106 | @ar | |
| 200 | 1 | @a恐怖王子@Akong bu wang zi@f(美) 格里格·凯斯著@F(mei)ge li ge·kai si zhu@g欧凌, 朱佳文译@Gou ling,zhu jia wen yi |
| 210 | @a重庆@c重庆出版社@d2010.04 | |
| 215 | @a460页@c图@d22cm | |
| 225 | 2 | @a荆棘与白骨的王国系列@Ajing ji yu bai gu de wang guo xi lie |
| 330 | @a本书主要内容:第一部分阴影七日,第二部分新相知,第三部分陌生的关系,第四部分道标,第五部分和弦。 | |
| 410 | 0 | @12001 @a荆棘与白骨的王国系列 |
| 606 | 0 | @a科学幻想小说@Ake xue huan xiang xiao shuo@y美国@z现代 |
| 690 | @aI712.45@v4 | |
| 701 | 1 | @a凯斯@Akai si@g(Keyes, G.)@4著 |
| 702 | 0 | @a欧凌@Aou ling@4译 |
| 702 | 0 | @a朱佳文@Azhu jia wen@4译 |
| 801 | 0 | @aCN@bQSSK@c20100604 |
| 905 | @b781710-12@dI712.45@eK177@f3 | |
| 恐怖王子/(美) 格里格·凯斯著/欧凌, 朱佳文译.-重庆:重庆出版社,2010.04 |
| 460页:图;22cm.-(荆棘与白骨的王国系列) |
| ISBN 978-7-229-01840-5:CNY48.00 |
| 本书主要内容:第一部分阴影七日,第二部分新相知,第三部分陌生的关系,第四部分道标,第五部分和弦。 |
| ● |
| 相关链接 |
|
|
|
正题名:恐怖王子
索取号:I712.45/K177
 
预约/预借
| 序号 | 登录号 | 条形码 | 馆藏地/架位号 | 状态 | 备注 |
| 1 | 781710 | 207817102 | 文学库116/116文学库 27排4列6层/ [索取号:I712.45/K177] | 在馆 | |
| 2 | 781711 | 207817111 | 文学库116/116文学库 27排4列6层/ [索取号:I712.45/K177] | 在馆 | |
| 3 | 781712 | 207817120 | 文学库116/116文学库 27排4列6层/ [索取号:I712.45/K177] | 在馆 |